| 000 | 00356nam a22001457a 4500 | ||
|---|---|---|---|
| 005 | 20250920104302.0 | ||
| 008 | 250920b |||||||| |||| 00| 0 eng d | ||
| 020 | _a9782081622609 | ||
| 050 |
_aP27 _bLEW |
||
| 100 | _aLEWIS C. S. | ||
| 245 |
_aLE PRINCE CASPIAN; _bRETOUR A NARNIA |
||
| 260 |
_bC. S. LEWIS LTD _c1993 |
||
| 300 | _a381p | ||
| 942 |
_2lcc _cBK _n0 |
||
| 999 |
_c7618 _d7618 |
||